<?xml version="1.0" encoding="UTF-8"?>
<record
    xmlns:xsi="http://www.w3.org/2001/XMLSchema-instance"
    xsi:schemaLocation="http://www.loc.gov/MARC21/slim http://www.loc.gov/standards/marcxml/schema/MARC21slim.xsd"
    xmlns="http://www.loc.gov/MARC21/slim">

  <leader>01062cam a2200337 a 4500</leader>
  <datafield tag="999" ind1=" " ind2=" ">
    <subfield code="c">23600</subfield>
    <subfield code="d">23600</subfield>
  </datafield>
  <controlfield tag="001">vtls011713936</controlfield>
  <controlfield tag="005">20240710091706.0</controlfield>
  <controlfield tag="008">240318s2017    xo     g      000 f slo  </controlfield>
  <datafield tag="020" ind1=" " ind2=" ">
    <subfield code="a">9788055157276</subfield>
    <subfield code="q">(viaz.)</subfield>
  </datafield>
  <datafield tag="035" ind1=" " ind2=" ">
    <subfield code="a">urn:nbn:sk:snk-am00dzt2</subfield>
  </datafield>
  <datafield tag="035" ind1=" " ind2=" ">
    <subfield code="a">urn:nbn:sk:snk-am3ia4x</subfield>
  </datafield>
  <datafield tag="035" ind1=" " ind2=" ">
    <subfield code="a">ECA8ED3E-CC3A-4CC1-9B55-AFFBA9C6746A</subfield>
  </datafield>
  <datafield tag="040" ind1=" " ind2=" ">
    <subfield code="a">TTKJF</subfield>
    <subfield code="b">slo</subfield>
    <subfield code="c">TTKJF</subfield>
    <subfield code="d">SNK</subfield>
    <subfield code="e">AACR2</subfield>
  </datafield>
  <datafield tag="041" ind1="0" ind2=" ">
    <subfield code="a">slo</subfield>
  </datafield>
  <datafield tag="044" ind1=" " ind2=" ">
    <subfield code="a">xo</subfield>
    <subfield code="c">SK</subfield>
  </datafield>
  <datafield tag="072" ind1=" " ind2="7">
    <subfield code="a">821.162.4-3</subfield>
    <subfield code="x">Slovensk&#xE1; pr&#xF3;za</subfield>
    <subfield code="2">konspekt</subfield>
  </datafield>
  <datafield tag="080" ind1=" " ind2=" ">
    <subfield code="a">821.162.4-31</subfield>
    <subfield code="2">2011</subfield>
  </datafield>
  <datafield tag="080" ind1=" " ind2=" ">
    <subfield code="a">(0:82-312.4)</subfield>
    <subfield code="2">2011</subfield>
  </datafield>
  <datafield tag="100" ind1="1" ind2=" ">
    <subfield code="a">Neuer, V&#xE1;clav,</subfield>
    <subfield code="d">1970-</subfield>
    <subfield code="4">aut</subfield>
    <subfield code="9">3946</subfield>
  </datafield>
  <datafield tag="245" ind1="1" ind2="0">
    <subfield code="a">Nenapraven&#xFD; omyl</subfield>
    <subfield code="c">V&#xE1;clav Neuer</subfield>
  </datafield>
  <datafield tag="250" ind1=" " ind2=" ">
    <subfield code="a">1. vyd.</subfield>
  </datafield>
  <datafield tag="260" ind1=" " ind2=" ">
    <subfield code="a">Bratislava</subfield>
    <subfield code="b">Ikar</subfield>
    <subfield code="c">2017</subfield>
  </datafield>
  <datafield tag="300" ind1=" " ind2=" ">
    <subfield code="a">309 s.</subfield>
    <subfield code="c">21 cm</subfield>
  </datafield>
  <datafield tag="490" ind1="1" ind2=" ">
    <subfield code="a">P&#xF4;vodn&#xFD; slovensk&#xFD; zlo&#x10D;in</subfield>
  </datafield>
  <datafield tag="655" ind1=" " ind2="7">
    <subfield code="a">slovensk&#xE9; rom&#xE1;ny</subfield>
    <subfield code="2">SNKPH</subfield>
    <subfield code="9">1694</subfield>
  </datafield>
  <datafield tag="655" ind1=" " ind2="7">
    <subfield code="a">detekt&#xED;vne rom&#xE1;ny</subfield>
    <subfield code="2">SNKPH</subfield>
    <subfield code="9">1710</subfield>
  </datafield>
  <datafield tag="655" ind1=" " ind2="7">
    <subfield code="a">Slovak fiction</subfield>
    <subfield code="2">SNKPHeng</subfield>
    <subfield code="9">1695</subfield>
  </datafield>
  <datafield tag="655" ind1=" " ind2="7">
    <subfield code="a">Detective novels</subfield>
    <subfield code="2">SNKPHeng</subfield>
    <subfield code="9">1711</subfield>
  </datafield>
  <datafield tag="958" ind1=" " ind2=" ">
    <subfield code="a">LX</subfield>
  </datafield>
  <datafield tag="952" ind1=" " ind2=" ">
    <subfield code="0">0</subfield>
    <subfield code="1">0</subfield>
    <subfield code="2">udc</subfield>
    <subfield code="4">0</subfield>
    <subfield code="7">0</subfield>
    <subfield code="8">K</subfield>
    <subfield code="a">10000</subfield>
    <subfield code="b">10000</subfield>
    <subfield code="d">2024-07-10</subfield>
    <subfield code="g">8.30</subfield>
    <subfield code="i">21929</subfield>
    <subfield code="l">7</subfield>
    <subfield code="o">B10670</subfield>
    <subfield code="p">B10670</subfield>
    <subfield code="r">2025-11-18</subfield>
    <subfield code="s">2025-10-28</subfield>
    <subfield code="w">2024-07-10</subfield>
    <subfield code="y">KLDO</subfield>
  </datafield>
</record>
